| 000 | 00945nam a22001817a 4500 | ||
|---|---|---|---|
| 005 | 20241029092218.0 | ||
| 008 | 241029b ||||| |||| 00| 0 eng d | ||
| 040 | _cSSBUL | ||
| 041 | _aMyanmar | ||
| 082 |
_223 _a၂၉၄.၃၄၄၃၃ ဓာ _b၁၃၁၈၀ S-SAT |
||
| 245 | 0 | _aဓာတုဃရမဟာထာဝရကျောက်စေတီတော်၊ အတုလမဟာမြကျောက်စေတီ သမိုင်းအကျဉ်းနှင့်ဝတ်ရွတ်စဉ်။ | |
| 260 |
_aမန္တလေး ၊ _bတက်နေလင်းပုံနှိပ်တိုက်၊ _c၁၉၆၉။ |
||
| 300 |
_a၁၃၉ စာမျက်နှာ ၊ _b၂၀ စင်တီ။ |
||
| 500 | _aS-SAT: Dr. Sai Aung Tun | ||
| 650 |
_aဝတ်ရွတ်စဉ် _955097 |
||
| 650 |
_aအတုလမဟာမြကျောက်စေတီ _vသမိုင်း _955098 |
||
| 942 |
_2ddc _cBK1 |
||
| 999 |
_c40992 _d40992 |
||